| 000 | 00453nam a2200181Ia 4500 | ||
|---|---|---|---|
| 005 | 20240823044109.0 | ||
| 008 | 240823s9999||||xx |||||||||||||| ||und|| | ||
| 041 | _aENGLISH | ||
| 082 | _A621.3815 N8 | ||
| 100 | _aSalivahanan S [et al] | ||
| 245 | 0 | _aElectronic Devices and Circuits | |
| 250 | _a1st | ||
| 260 |
_c1998 _b"TMH,New Delhi" |
||
| 500 | _aTRANSFERED | ||
| 650 |
_aElectronic Devices _bInstrumentation |
||
| 942 | _cBK | ||
| 999 |
_c211764 _d211764 |
||